Catálogo
 En Linea

La biblioteca erasmita de Diego Méndez / (Registro nro. 15344)

Detalles MARC
000 -CABECERA
campo de control de longitud fija 00615nam a2200181 a 4500
001 - NÚMERO DE CONTROL
campo de control 000015798
005 - FECHA Y HORA DE LA ÚLTIMA TRANSACCIÓN
campo de control 20200929164145.0
008 - DATOS DE LONGITUD FIJA--INFORMACIÓN GENERAL
campo de control de longitud fija 100218s1945 dr r 000 0 spa d
040 ## - FUENTE DE LA CATALOGACIÓN
Centro catalogador/agencia de origen DO-SdBNP
Lengua de catalogación spa
Centro/agencia transcriptor BNPHU
082 ## - NÚMERO DE LA CLASIFICACIÓN DECIMAL DEWEY
Número de clasificación xxxx
Número de documento/Ítem A451b
100 1# - ENTRADA PRINCIPAL--NOMBRE DE PERSONA
Nombre de persona Almoina, José
9 (RLIN) 35557
245 13 - MENCIÓN DE TÍTULO
Título La biblioteca erasmita de Diego Méndez /
Mención de responsabilidad, etc. José Almoina.
260 ## - PUBLICACIÓN, DISTRIBUCIÓN, ETC.
Lugar de publicación, distribución, etc. Ciudad Trujillo :
Nombre del editor, distribuidor, etc. Universidad de Santo Domingo,
Fecha de publicación, distribución, etc. 1945.
300 ## - DESCRIPCIÓN FÍSICA
Extensión 149 p. ;
Dimensiones 26 cm.
500 ## - NOTA GENERAL
Nota general Incluye índice de nombres y lugares
500 ## - NOTA GENERAL
Nota general Incluye referencias bibliográficas y notas al pie de las páginas
590 ## - NOTA LOCAL (RLIN)
Nota local Inventariado, 2019/BT
Existencias
Estado de retiro Estado de pérdida Restricciones de uso No para préstamo Código de colección Localización permanente Ubicación/localización actual Ubicación en estantería Fecha de adquisición Número de inventario Total de préstamos Signatura topográfica completa Código de barras Fecha visto por última vez Número de copia Precio válido a partir de Tipo de ítem Koha Nota pública
        Raros y valiosos General General Depósito 13.09.2011 LF1   xxxx A451b 15798-30 25.06.2020 e.3 25.06.2020 Préstamo en sala Perteneció a la biblioteca personal de Julio Ortega Frier.
        Raros y valiosos General General Depósito 13.09.2011 LF1   xxxx A451b 15798-40 25.06.2020 e.4 25.06.2020 Préstamo en sala Perteneció a la biblioteca personal de la familia Reyes Duluc.
  Extraviado     Raros y valiosos General General Extraviado 13.09.2011 LF1   xxxx A451b 15798-50 25.06.2020 e.5 25.06.2020 Préstamo en sala  
      Excluido de préstamo Raros y valiosos Patrimonio Dominicano Patrimonio Dominicano Depósito 18.02.2010 LF1   xxxx A451b 15798-10 25.06.2020   25.06.2020 No se presta Perteneció a la bilbioteca personal de Martínez Boog.
      Excluido de préstamo Raros y valiosos Patrimonio Dominicano Patrimonio Dominicano Depósito 18.02.2010 LF1   xxxx A451b 15798-20 25.06.2020 e.2 25.06.2020 No se presta  

Con tecnología Koha